000 00708nam a2200289Ia 4500
005 20260324123724.0
008 008 260324s9999 xx 000 0 eng d
020 _a9781315603315
037 _aEBOOK
040 _aCRL
040 _beng
040 _cCRL
041 _2eng
041 _aeng
084 _qCRL
100 _aPetra L. Doan
_91171400
245 0 _aQueerying Planning
245 0 _bChallenging Heteronormative Assumptions and Reframing Planning Practice
260 _bTaylor and Francis
260 _c2011
365 _a
365 _b240
856 _uhttp://www.taylorfrancis.com/books/9781315603315
942 _cEBOOK
999 _c1765158
_d1765158